000 00727nam a2200205 a 4500
003 MX-MxUPN
005 20240614063746.0
008 220509s1946 mx a||||r|||| 000 0 mul d
040 _aMX-MxUPN
_bspa
_cMX-MxUPN
041 0 _aeng
_aspa
050 4 _aLB1631 M6.1
_bP5.3 1946
100 1 _aPicazo de Murray, Elena
_929578
245 1 0 _aInglés elemental :
_blibro primero /
_cElena Picazo de Murray y Paul V. Murray.
260 _aMéxico, D.F. :
_bImp. Aldina, Robredo y Rosell,
_c1946.
300 _a204 páginas :
_bilustraciones.
650 4 _aInglés
_xEstudio y enseñanza (Secundaria)
_95708
650 4 _aInglés
_vLibros de texto para extranjeros
_99168
700 1 _aMurray, Paul V.
_929699
_ecoaut.
942 _2lcc
_cLIBRO
999 _c208448
_d208448